Main Circles of Latitude - Statistics

General Stats
  • This quiz has been taken 64 times
  • The average score is 4 of 5
Answer Stats
Latitude Circle % Correct
0.0° Equator
93%
23.5° N Tropic of Cancer
86%
23.5° S Tropic of Capricorn
84%
66.6° N Arctic Circle
80%
66.6° S Antarctic Circle
79%
No matching quizzes found
Score Distribution
Percent of People with Each Score
Percentile by Number Answered
Your Score History
You have not taken this quiz